000 00608nam a2200193Ia 4500
005 20260114185704.0
008 008 260114s9999 xx 000 0 eng d
020 _a9780755624898
037 _aEBOOK
040 _aCRL
_beng
_cCRL
041 _aeng
_2eng
084 _qCRL
100 _aJamie Bruce Lockhart
_9873166
245 2 _aA Sailor in the Sahara The Life and Travels in Africa of Hugh Clapperton, Commander RN
260 _bBloomsbury
_c2007
856 _uhttps://doi.org/10.5040/9780755624898?locatt=label:secondary_bloomsburyCollections
942 _cEBOOK
999 _c1472114
_d1472114